| 000 | 00775nam a2200253 a 4500 | ||
|---|---|---|---|
| 001 | 57427 | ||
| 003 | BD-RjUL | ||
| 005 | 20211209080519.0 | ||
| 008 | 101216s1971 paua b 001 0 eng | ||
| 035 | _a(BD-RjUL) 57551 | ||
| 040 |
_aDLC _cDLC _dDLC _dBD-RjUL _beng |
||
| 041 | _aeng | ||
| 082 | 0 | 0 |
_a306.85 _223 _bDUF 1971 |
| 100 | 1 |
_aDuvall, Evelyn Ruth (Millis) _d1906- _9170534 |
|
| 245 | 1 | 0 |
_aFamily development / _cEvelyn Millis Duvall. |
| 250 | _a4th ed. | ||
| 260 |
_aPhiladelphia : _bLippincott, _cc1971 |
||
| 300 |
_axviii, 576 p. : _bill. ; _c23 cm. |
||
| 500 | _aFifth ed. published in 1977 under title: Marriage and family development. | ||
| 504 | _aIncludes bibliographies. | ||
| 650 | 0 |
_aFamilies. _9170535 |
|
| 942 |
_2ddc _cBK |
||
| 999 |
_c57427 _d57427 |
||